| 000 | 00478cam a22002052a 4500 | ||
|---|---|---|---|
| 001 | 007612 | ||
| 003 | AR-FADEU | ||
| 008 | 311216n1997####xxu####################dd | ||
| 020 | _a950-9431-66-4 | ||
| 092 |
_aD343.5 _bV14 |
||
| 100 | _aUberhofen, Michael | ||
| 245 | _aLa corrupción en el derecho comparado | ||
| 260 | _aBonn | ||
| 260 | _bKonrad Adenauer | ||
| 260 | _bCIEDLA | ||
| 260 | _c1997 | ||
| 300 | _a115 p | ||
| 650 | _aCORRUPCION-DERECHO | ||
| 942 | _cBDGR | ||
| 999 |
_c13426 _d13426 |
||